000 01150nam a2200301 i 4500
001 183945
003 ES-MaACL
005 20230906222016.0
008 141211s1972 sp ahp |||| | lat d
080 _a34(460.31)
245 0 0 _aAureum opus regalium privilegiorum civitatis et regni Valentie
_b: Valencia 1515 /
_cLuis Alanya ; índices preparados por María Desamparados Cabanes Pecourt.
246 3 _aAureum opus
250 _areprod. facsímil.
260 _aValencia :
_b[Anubar],
_c1972.
300 _a591 p. :
_bgrab. ;
_c22 cm.
490 1 _aTextos medievales ;
_v33
500 _aÍndices.
546 _aTexto en latín y valenciano. Índices en castellano.
595 _aReprod. facs., reducida de tamaño, sobre la de 1515. Ocupa el texto viejo las p. 5 a 556.
597 _aLetra gótica, con iniciales grabadas.
597 _aTexto a dos columnas.
650 7 _aFueros-
_zValencia (Reino)
_9156058
700 1 _aAlanya, Luis.
_9156059
700 1 _aCabanes Pecourt, María Desamparados.
_933141
830 0 _aTextos medievales ;
_v33
_9179970
852 _aES-MaACL
_jE-15446
_z- enc. tela
999 _c183945
_d183945